Statistics for Countries with Wild Skunks

Click here to take the quiz!

General Stats

  • This quiz has been taken 87 times
  • The average score is 18 of 20

Answer Stats

SpeciesCountry% Correct
5United States
100%
4Canada
99%
8Mexico
96%
2Brazil
91%
2Argentina
89%
4Honduras
89%
1Panama
89%
2Chile
88%
1Colombia
88%
1Ecuador
88%
2Peru
88%
1Venezuela
88%
2Costa Rica
87%
4Guatemala
87%
2Belize
86%
1Bolivia
86%
4Nicaragua
86%
3El Salvador
83%
1Paraguay
82%
1Uruguay
82%

Score Distribution

Percentile by Number Answered

Percent of People with Each Score

Your Score History

You have not taken this quiz